|
|
|
|
| LEADER |
01310nam a2200361 4500 |
| 001 |
ocn904719676 |
| 003 |
OCoLC |
| 005 |
20180501122024.0 |
| 006 |
m o d |
| 007 |
cr cnu---unuuu |
| 008 |
150311s2015 mau o 001 0 eng d |
| 040 |
|
|
|a OPELS
|b eng
|e rda
|e pn
|c OPELS
|d YDXCP
|d GrThAP
|
| 020 |
|
|
|a 9780128013892
|
| 035 |
|
|
|a (OCoLC)904719676
|
| 050 |
|
4 |
|a QP401
|
| 082 |
0 |
4 |
|a 616/.0472
|2 23
|
| 049 |
|
|
|a TEFA
|
| 245 |
0 |
0 |
|a Molecular and cell biology of pain /
|c edited by Theodore Price and Greg Dussor.
|
| 264 |
|
1 |
|a Waltham, MA :
|b Academic Press,
|c 2015.
|
| 300 |
|
|
|a 1 online resource.
|
| 336 |
|
|
|a text
|b txt
|2 rdacontent
|
| 337 |
|
|
|a computer
|b c
|2 rdamedia
|
| 338 |
|
|
|a online resource
|b cr
|2 rdacarrier
|
| 490 |
1 |
|
|a Progress in molecular biology and translational science ;
|v volume 131
|
| 500 |
|
|
|a Includes index.
|
| 588 |
0 |
|
|a Online resource; title from title details screen (ScienceDirect, viewed March 11, 2015).
|
| 650 |
|
0 |
|a Pain
|x Molecular aspects.
|
| 650 |
|
0 |
|a Nociceptors.
|
| 655 |
|
4 |
|a Electronic books.
|
| 700 |
1 |
|
|a Price, Theodore,
|e editor.
|
| 700 |
1 |
|
|a Dussor, Greg,
|e editor.
|
| 830 |
|
0 |
|a Progress in molecular biology and translational science ;
|v volume 131.
|
| 856 |
4 |
0 |
|u https://www.sciencedirect.com/science/bookseries/18771173/131
|z Full Text via HEAL-Link
|